000 00625nam a22002177a 4500
003 OSt
005 20170215183812.0
008 170215b xxu||||| |||| 00| 0 eng d
020 _a9781429240154
020 _a1429240156
040 _cDDC.
082 _a520 FRE 2011.
100 _aFreedman,A.Rodger;Geller,M.Robert;Kaufmann III,J.william;
_911593
245 _aUniverse:
_bStars and Galaxies.
250 _a4th ed.
260 _aNew York.
_bW.H Freeman and Company.
_c2011.
300 _axx,762p;
_bcol,ill;
_c28cm.
504 _aincludes Appendix,index and Glossary;
650 _aPhysics.
_9809
942 _2ddc
_cO_SHELF
999 _c5556
_d5556